[Event "21. Torneo San Viator 2013"]
[Site "Madrid ESP"]
[Date "2013.10.20"]
[Round "5.20"]
[White "Crespo Villalba, Israel"]
[Black "Rendo Quindos, Pedro"]
[Result "1-0"]
[WhiteElo "1886"]
[BlackElo "1607"]
[PlyCount "93"]
[EventDate "2013.09.29"]
[EventType "swiss"]
[EventRounds "9"]
[EventCountry "ESP"]
[SourceTitle "Ajedrez en Madrid"]
[Source "lmi"]
[SourceDate "2013.09.29"]
[SourceVersion "1"]
[SourceVersionDate "2013.12.25"]
[SourceQuality "1"]

1. e4 e5 2. Nf3 Nf6 3. Nxe5 d6 4. Nf3 Nxe4 5. d4 d5 6. Bd3 Bd6 7. c4 Bb4+ 8.
Nbd2 Nxd2 9. Bxd2 Bxd2+ 10. Qxd2 O-O 11. O-O dxc4 12. Bxc4 Bf5 13. Rad1 Nd7 14.
Rfe1 Nf6 15. Qf4 Bg4 16. h3 Bxf3 17. Qxf3 Rb8 18. d5 b5 19. Bb3 Qd7 20. Re3
Rfe8 21. Rde1 Rxe3 22. fxe3 Qd6 23. e4 Nd7 24. Qe3 Ne5 25. Qxa7 Qb6+ 26. Qxb6
Rxb6 27. Rc1 c6 28. Rc5 Kf8 29. dxc6 Nxc6 30. e5 Nd4 31. Rc8+ Ke7 32. Rc7+ Kd8
33. Rxf7 Nxb3 34. axb3 Re6 35. Rxg7 Rxe5 36. Rxh7 Re3 37. Rf7 Rxb3 38. Rf2 Ke7
39. Kh2 Ke6 40. h4 Re3 41. h5 b4 42. h6 Re5 43. g4 Kd6 44. h7 Re8 45. g5 b3 46.
g6 Rh8 47. Kg3 1-0

[Event "21. Torneo San Viator 2013"]
[Site "Madrid ESP"]
[Date "2013.10.20"]
[Round "5.21"]
[White "Pindado Del Carmen, Eliseo"]
[Black "Jimenez Elices, Jose Maria"]
[Result "1/2-1/2"]
[WhiteElo "1584"]
[BlackElo "1872"]
[PlyCount "64"]
[EventDate "2013.09.29"]
[EventType "swiss"]
[EventRounds "9"]
[EventCountry "ESP"]
[SourceTitle "Ajedrez en Madrid"]
[Source "lmi"]
[SourceDate "2013.09.29"]
[SourceVersion "1"]
[SourceVersionDate "2013.12.25"]
[SourceQuality "1"]

1. e4 d5 2. exd5 Nf6 3. Nc3 Nxd5 4. Nxd5 Qxd5 5. Nf3 Bg4 6. Be2 Nc6 7. c3 e5 8.
d3 O-O-O 9. h3 Bf5 10. O-O Bxd3 11. Bxd3 Qxd3 12. Qb3 Qd5 13. Be3 Qxb3 14. axb3
a6 15. Ng5 Rd7 16. Rfd1 Bd6 17. b4 h6 18. Ne4 f5 19. Nxd6+ Rxd6 20. Rxd6 cxd6
21. Bb6 Kd7 22. f3 Ne7 23. c4 Rc8 24. c5 d5 25. Rd1 Ke6 26. Re1 e4 27. g4 fxg4
28. Kf2 Nc6 29. fxe4 dxe4 30. Rc1 Nxb4 31. Ke3 Ke5 32. c6 Rxc6 1/2-1/2

[Event "21. Torneo San Viator 2013"]
[Site "Madrid ESP"]
[Date "2013.10.20"]
[Round "5.22"]
[White "Garcia Sanjuan, Jose"]
[Black "Mateos Cordero, Francisco"]
[Result "1-0"]
[WhiteElo "1857"]
[BlackElo "1601"]
[PlyCount "59"]
[EventDate "2013.09.29"]
[EventType "swiss"]
[EventRounds "9"]
[EventCountry "ESP"]
[SourceTitle "Ajedrez en Madrid"]
[Source "lmi"]
[SourceDate "2013.09.29"]
[SourceVersion "1"]
[SourceVersionDate "2013.12.25"]
[SourceQuality "1"]

1. b3 d5 2. Bb2 Nd7 3. Nf3 Ngf6 4. g3 g6 5. c4 c6 6. cxd5 cxd5 7. Nc3 e6 8. Bg2
Bg7 9. O-O O-O 10. Qc2 a6 11. d4 b5 12. Qd2 Ne4 13. Qd3 Nxc3 14. Bxc3 Qb6 15.
a3 Bb7 16. Rad1 a5 17. b4 a4 18. Ne5 Nxe5 19. dxe5 Rac8 20. Bd4 Qa6 21. f4 Rc4
22. g4 f6 23. h4 fxe5 24. fxe5 Qa8 25. Rxf8+ Qxf8 26. Rf1 Qb8 27. Qe3 Rxd4 28.
Qxd4 Bxe5 29. Qb6 Bc8 30. Qd8+ 1-0

[Event "21. Torneo San Viator 2013"]
[Site "Madrid ESP"]
[Date "2013.10.20"]
[Round "5.23"]
[White "Padin Lazaro, Jose Manuel"]
[Black "Valdes Sanchez, Jesus Manuel"]
[Result "1-0"]
[WhiteElo "1837"]
[BlackElo "1567"]
[PlyCount "47"]
[EventDate "2013.09.29"]
[EventType "swiss"]
[EventRounds "9"]
[EventCountry "ESP"]
[SourceTitle "Ajedrez en Madrid"]
[Source "lmi"]
[SourceDate "2013.09.29"]
[SourceVersion "1"]
[SourceVersionDate "2013.12.25"]
[SourceQuality "1"]

1. e4 d5 2. exd5 Qxd5 3. Nc3 Qa5 4. d4 Nf6 5. Bc4 Bg4 6. f3 Bf5 7. Nge2 c6 8.
O-O Nbd7 9. a3 b5 10. Bb3 Qb6 11. Be3 e5 12. Qe1 Be7 13. Ng3 exd4 14. Bf2 Bg6
15. Qe2 Ng8 16. Rad1 Ndf6 17. Bxd4 Qc7 18. Bc5 Rd8 19. Rfe1 Rd7 20. Qe3 Nh6 21.
Rxd7 Qxd7 22. Bxe7 Be4 23. Bxf6 gxf6 24. Qxh6 1-0

[Event "21. Torneo San Viator 2013"]
[Site "Madrid ESP"]
[Date "2013.10.20"]
[Round "5.24"]
[White "Rodriguez Orgaz, Cesar"]
[Black "Perez Gonzalez, Daniel"]
[Result "1-0"]
[WhiteElo "1820"]
[BlackElo "1546"]
[PlyCount "131"]
[EventDate "2013.09.29"]
[EventType "swiss"]
[EventRounds "9"]
[EventCountry "ESP"]
[SourceTitle "Ajedrez en Madrid"]
[Source "lmi"]
[SourceDate "2013.09.29"]
[SourceVersion "1"]
[SourceVersionDate "2013.12.25"]
[SourceQuality "1"]

1. e4 c6 2. d4 d5 3. Nc3 dxe4 4. Nxe4 Bf5 5. Ng3 Bg6 6. h4 h6 7. Nf3 Nd7 8. h5
Bh7 9. Bd3 Bxd3 10. Qxd3 Qc7 11. Bd2 Ngf6 12. O-O-O e6 13. Kb1 Bd6 14. Ne4 Nxe4
15. Qxe4 Nf6 16. Qh4 O-O-O 17. Rhe1 Rhg8 18. Bxh6 Nxh5 19. Bg5 Nf6 20. Bxf6
gxf6 21. Qxf6 Rxg2 22. Ne5 Bxe5 23. dxe5 Rg6 24. Rxd8+ Qxd8 25. Qxf7 Rh6 26. a3
Kb8 27. Rg1 Rh8 28. Qxe6 Qd4 29. Rg8+ Rxg8 30. Qxg8+ Kc7 31. Qf7+ Kb6 32. Qb3+
Kc7 33. Qg3 Qd1+ 34. Ka2 Qd5+ 35. b3 Qe4 36. e6+ Kc8 37. Qg8+ Kc7 38. Qg7+ Kb6
39. Qc3 Qxe6 40. Qe3+ Qxe3 41. fxe3 Kc5 42. Kb2 Kd5 43. Kc3 Ke4 44. Kd2 c5 45.
c4 a6 46. a4 a5 47. Ke2 Ke5 48. Kf3 b6 49. Kf2 Kf5 50. Kf3 Ke5 51. e4 Kd4 52.
Kf4 Kc3 53. e5 Kxb3 54. e6 Kxa4 55. e7 Kb4 56. e8=Q Kxc4 57. Qa4+ Kd3 58. Qb5+
c4 59. Qxb6 c3 60. Qxa5 c2 61. Qd5+ Ke2 62. Qc4+ Kd2 63. Qd4+ Kc1 64. Ke3 Kb1
65. Qb4+ Kc1 66. Kd3 1-0

[Event "21. Torneo San Viator 2013"]
[Site "Madrid ESP"]
[Date "2013.10.20"]
[Round "5.25"]
[White "Aguilera Lopez, Alejandro"]
[Black "Hernandez Mateo, Borja"]
[Result "0-1"]
[WhiteElo "1536"]
[BlackElo "1805"]
[PlyCount "46"]
[EventDate "2013.09.29"]
[EventType "swiss"]
[EventRounds "9"]
[EventCountry "ESP"]
[SourceTitle "Ajedrez en Madrid"]
[Source "lmi"]
[SourceDate "2013.09.29"]
[SourceVersion "1"]
[SourceVersionDate "2013.12.25"]
[SourceQuality "1"]

1. d4 d5 2. Nf3 Nf6 3. e3 e6 4. Bd3 Nbd7 5. O-O Be7 6. b3 O-O 7. Bb2 b6 8. Nbd2
Bb7 9. Ne5 c5 10. f4 Qc7 11. Rf3 Ne4 12. Rh3 f5 13. Bxe4 dxe4 14. Nxd7 Qxd7 15.
Qh5 h6 16. Rg3 Bf6 17. c3 Kh7 18. Nc4 cxd4 19. exd4 b5 20. Ne5 Bxe5 21. dxe5
Qf7 22. Qe2 a6 23. b4 Rac8 0-1

[Event "21. Torneo San Viator 2013"]
[Site "Madrid ESP"]
[Date "2013.10.20"]
[Round "5.28"]
[White "Moreno Sanchez, Guillermo"]
[Black "Martin Mazuelo, Miguel"]
[Result "0-1"]
[WhiteElo "1621"]
[BlackElo "1992"]
[PlyCount "58"]
[EventDate "2013.09.29"]
[EventType "swiss"]
[EventRounds "9"]
[EventCountry "ESP"]
[SourceTitle "Ajedrez en Madrid"]
[Source "lmi"]
[SourceDate "2013.09.29"]
[SourceVersion "1"]
[SourceVersionDate "2013.12.25"]
[SourceQuality "1"]

1. d4 g6 2. c4 Bg7 3. Nf3 Nf6 4. Nc3 d6 5. e4 O-O 6. Be2 Na6 7. a3 e5 8. d5 Nc5
9. Qc2 a5 10. Be3 b6 11. Bxc5 bxc5 12. O-O Nh5 13. Rad1 f5 14. exf5 gxf5 15.
Nxe5 Bxe5 16. Bxh5 Qh4 17. f4 Bd4+ 18. Kh1 Qxh5 19. Rf3 Bd7 20. Qe2 Qf7 21.
Rg3+ Kh8 22. b3 Rae8 23. Qd2 Re7 24. Ne2 Bf6 25. Rh3 Rfe8 26. Ng3 Re3 27. Nf1
Rxh3 28. gxh3 Qh5 29. Ng3 Qf3+ 0-1

[Event "21. Torneo San Viator 2013"]
[Site "Madrid ESP"]
[Date "2013.10.20"]
[Round "5.29"]
[White "Perez Sempere, Alberto"]
[Black "Vazquez Cabeza, Isaac"]
[Result "1-0"]
[WhiteElo "1875"]
[BlackElo "1560"]
[PlyCount "129"]
[EventDate "2013.09.29"]
[EventType "swiss"]
[EventRounds "9"]
[EventCountry "ESP"]
[SourceTitle "Ajedrez en Madrid"]
[Source "lmi"]
[SourceDate "2013.09.29"]
[SourceVersion "1"]
[SourceVersionDate "2013.12.25"]
[SourceQuality "1"]

1. e4 e6 2. d3 d5 3. Nd2 Ne7 4. Ngf3 Nbc6 5. g3 g6 6. Bg2 Bg7 7. c3 O-O 8. O-O
Ne5 9. Nxe5 Bxe5 10. d4 Bg7 11. Re1 c6 12. e5 b6 13. Nf3 c5 14. Bf4 Bb7 15. h4
Nc6 16. Qd2 Qd7 17. Rad1 cxd4 18. Nxd4 Qc7 19. Nxc6 Bxc6 20. Bh6 Qe7 21. Qg5
Qxg5 22. Bxg5 h6 23. Be7 Rfe8 24. Bd6 Bf8 25. c4 Bxd6 26. exd6 Red8 27. cxd5
exd5 28. Bxd5 Bxd5 29. Rxd5 Rd7 30. f4 Rad8 31. Red1 Kg7 32. g4 Kf6 33. g5+
hxg5 34. hxg5+ Kg7 35. Kf2 Rc8 36. Kf3 Rcd8 37. Kg4 Rc8 38. R1d2 Rcd8 39. f5 a6
40. f6+ Kg8 41. Kf4 Re8 42. Re5 Red8 43. Re7 Rxd6 44. Re8+ Rxe8 45. Rxd6 Rb8
46. Ke4 a5 47. Kd5 b5 48. Kc5 Re8 49. a3 b4 50. axb4 axb4 51. Rd5 Re2 52. b3
Re4 53. Kb5 Rg4 54. Ka4 Rf4 55. Rb5 Rg4 56. Ka5 Rg3 57. Kxb4 Rg4+ 58. Ka5 Rf4
59. b4 Kh7 60. Rc5 Rf5 61. Kb6 Kg8 62. Kc6 Rf4 63. b5 Re4 64. b6 Re6+ 65. Kb7
1-0

[Event "21. Torneo San Viator 2013"]
[Site "Madrid ESP"]
[Date "2013.10.20"]
[Round "5.30"]
[White "Soto Martin, Miguel"]
[Black "Linares Leyva, David"]
[Result "1-0"]
[WhiteElo "1588"]
[BlackElo "1852"]
[PlyCount "63"]
[EventDate "2013.09.29"]
[EventType "swiss"]
[EventRounds "9"]
[EventCountry "ESP"]
[SourceTitle "Ajedrez en Madrid"]
[Source "lmi"]
[SourceDate "2013.09.29"]
[SourceVersion "1"]
[SourceVersionDate "2013.12.25"]
[SourceQuality "1"]

1. d4 Nf6 2. Nf3 d5 3. c4 e6 4. e3 Be7 5. Bd3 O-O 6. O-O Nbd7 7. Qe2 b6 8. Nbd2
Bb7 9. b3 c5 10. Bb2 Rc8 11. Rac1 cxd4 12. Bxd4 Ba3 13. Rc2 Nc5 14. Bxc5 Bxc5
15. e4 dxe4 16. Nxe4 Nxe4 17. Bxe4 Bxe4 18. Qxe4 Qf6 19. Rd2 Rfd8 20. Rfd1 Rxd2
21. Rxd2 Rd8 22. Qe2 Qa1+ 23. Ne1 Rxd2 24. Qxd2 g6 25. g3 Bd4 26. Kf1 Kg7 27.
h4 Bc3 28. Qe2 h5 29. f3 Kf8 30. a4 Qb1 31. Qe4 Bxe1 32. Qxb1 1-0

[Event "21. Torneo San Viator 2013"]
[Site "Madrid ESP"]
[Date "2013.10.20"]
[Round "5.31"]
[White "Herreros Ruiz, Jorge Alejandro"]
[Black "Cano Mercado, Francisco Manuel"]
[Result "0-1"]
[WhiteElo "1549"]
[BlackElo "1840"]
[PlyCount "86"]
[EventDate "2013.09.29"]
[EventType "swiss"]
[EventRounds "9"]
[EventCountry "ESP"]
[SourceTitle "Ajedrez en Madrid"]
[Source "lmi"]
[SourceDate "2013.09.29"]
[SourceVersion "1"]
[SourceVersionDate "2013.12.25"]
[SourceQuality "1"]

1. d4 c6 2. c4 d5 3. Nc3 Nf6 4. Nf3 e6 5. Bg5 Nbd7 6. e3 Bb4 7. Bxf6 Nxf6 8.
Nd2 O-O 9. Qc2 a6 10. Be2 Re8 11. O-O e5 12. dxe5 Rxe5 13. Nf3 Bf5 14. Qb3 Bxc3
15. Qxc3 Re7 16. Rfd1 Qe8 17. Qb3 Bg4 18. h3 dxc4 19. Qxc4 Be6 20. Qc2 Bd5 21.
a3 Rd8 22. Ne1 Be4 23. Bd3 Bxd3 24. Rxd3 Nd5 25. Rad1 Red7 26. Qd2 h6 27. Qc2
Qe7 28. b4 Qe6 29. Kh1 Nf6 30. Rxd7 Rxd7 31. Rxd7 Nxd7 32. Nd3 Qf6 33. Qb2 Qf5
34. Qd4 Nf6 35. f3 Qe6 36. Nc5 Qe7 37. e4 h5 38. Na4 h4 39. Qb6 Nh5 40. Qc5
Ng3+ 41. Kh2 Qd7 42. Qc2 Qd6 43. Kg1 Qd4+ 0-1

[Event "21. Torneo San Viator 2013"]
[Site "Madrid ESP"]
[Date "2013.10.20"]
[Round "5.32"]
[White "Jimenez Manzano, Emiliano"]
[Black "Martinez Montalvo, Eduardo"]
[Result "0-1"]
[WhiteElo "1493"]
[BlackElo "1823"]
[PlyCount "62"]
[EventDate "2013.09.29"]
[EventType "swiss"]
[EventRounds "9"]
[EventCountry "ESP"]
[SourceTitle "Ajedrez en Madrid"]
[Source "lmi"]
[SourceDate "2013.09.29"]
[SourceVersion "1"]
[SourceVersionDate "2013.12.25"]
[SourceQuality "1"]

1. e4 d5 2. exd5 Nf6 3. Nc3 Nxd5 4. Nxd5 Qxd5 5. Nf3 Bg4 6. Be2 Nc6 7. c3 e5 8.
d3 O-O-O 9. h3 Bf5 10. O-O Bxd3 11. Bxd3 Qxd3 12. Qb3 Qd5 13. Be3 Qxb3 14. axb3
a6 15. Ng5 Rd7 16. Rfd1 Bd6 17. b4 h6 18. Ne4 f5 19. Nxd6+ Rxd6 20. Rxd6 cxd6
21. Bb6 Kd7 22. f3 Ne7 23. c4 Rc8 24. c5 dxc5 25. Rd1+ Ke6 26. Re1 e4 27. g4 g6
28. Kf2 Nc6 29. fxe4 fxe4 30. Rc1 Nxb4 31. Ke3 Ke5 0-1

[Event "21. Torneo San Viator 2013"]
[Site "Madrid ESP"]
[Date "2013.10.20"]
[Round "5.34"]
[White "Alonso Penalver, Angel"]
[Black "Santos Burkholz, Mario"]
[Result "1-0"]
[WhiteElo "1762"]
[BlackElo "1464"]
[PlyCount "69"]
[EventDate "2013.09.29"]
[EventType "swiss"]
[EventRounds "9"]
[EventCountry "ESP"]
[SourceTitle "Ajedrez en Madrid"]
[Source "lmi"]
[SourceDate "2013.09.29"]
[SourceVersion "1"]
[SourceVersionDate "2013.12.25"]
[SourceQuality "1"]

1. e4 e5 2. Nf3 Nc6 3. Bb5 Bc5 4. O-O d6 5. c3 Bd7 6. Re1 Nf6 7. h3 O-O 8. Ba4
Be6 9. d3 Ne7 10. d4 exd4 11. cxd4 Bb6 12. Nc3 c6 13. Bg5 Ng6 14. Bc2 h6 15.
Be3 Qc7 16. a3 Rfe8 17. Na4 Rad8 18. Nxb6 axb6 19. Rc1 Bd7 20. Bd2 b5 21. Bb1
Qc8 22. Kh2 Nh5 23. Ba5 Nhf4 24. Ng1 Nh4 25. Bxd8 Rxd8 26. g3 Nxh3 27. Nxh3
Bxh3 28. gxh4 g5 29. Qd3 Be6 30. e5 d5 31. Qh7+ Kf8 32. Qxh6+ Ke7 33. Qxg5+ Kd7
34. f4 Rh8 35. f5 1-0

[Event "21. Torneo San Viator 2013"]
[Site "Madrid ESP"]
[Date "2013.10.20"]
[Round "5.35"]
[White "Rodriguez Bittar, Karim Javier"]
[Black "Enriquez Pastor, Jorge"]
[Result "1/2-1/2"]
[WhiteElo "1741"]
[BlackElo "1419"]
[PlyCount "105"]
[EventDate "2013.09.29"]
[EventType "swiss"]
[EventRounds "9"]
[EventCountry "ESP"]
[SourceTitle "Ajedrez en Madrid"]
[Source "lmi"]
[SourceDate "2013.09.29"]
[SourceVersion "1"]
[SourceVersionDate "2013.12.25"]
[SourceQuality "1"]

1. e4 c6 2. d4 d5 3. Nd2 dxe4 4. Nxe4 Bf5 5. Ng3 Bg6 6. h4 h6 7. Nf3 Nd7 8. h5
Bh7 9. Bd3 Bxd3 10. Qxd3 e6 11. Bd2 Ngf6 12. O-O-O Bd6 13. Ne4 Nxe4 14. Qxe4
Nf6 15. Qe2 Qc7 16. Kb1 O-O-O 17. g3 Rhe8 18. Ne5 Bxe5 19. dxe5 Nd7 20. f4 Nb6
21. Ba5 Rxd1+ 22. Rxd1 Rd8 23. c4 Rxd1+ 24. Qxd1 Qd7 25. Qe2 Na4 26. b3 Nc5 27.
Kc2 Qd4 28. Bc3 Qe4+ 29. Qxe4 Nxe4 30. Be1 Nc5 31. b4 Nd7 32. Kd3 f5 33. Bf2 a6
34. Bc5 Kd8 35. Ke3 Ke8 36. Kf3 Kf7 37. g4 g6 38. gxf5 gxf5 39. Bf2 Kg7 40. c5
Kf7 41. a4 Ke8 42. Ke3 b6 43. cxb6 Nxb6 44. Kd4 Nd5 45. Kc5 Kd7 46. Bg3 Kc7 47.
a5 Ne7 48. Bh4 Nd5 49. Bg5 hxg5 50. fxg5 Ne7 51. Kd4 Kd7 52. Kc5 Kc7 53. Kd4
1/2-1/2

[Event "21. Torneo San Viator 2013"]
[Site "Madrid ESP"]
[Date "2013.10.20"]
[Round "5.36"]
[White "Perez Mondejar, Adler"]
[Black "Sirera Ripoll, Jose"]
[Result "0-1"]
[WhiteElo "1439"]
[BlackElo "1726"]
[PlyCount "114"]
[EventDate "2013.09.29"]
[EventType "swiss"]
[EventRounds "9"]
[EventCountry "ESP"]
[SourceTitle "Ajedrez en Madrid"]
[Source "lmi"]
[SourceDate "2013.09.29"]
[SourceVersion "1"]
[SourceVersionDate "2013.12.25"]
[SourceQuality "1"]

1. e4 c5 2. c3 d5 3. exd5 Qxd5 4. d4 Nf6 5. Nf3 Bg4 6. Be2 e6 7. Na3 a6 8. Nc2
Nc6 9. Ne3 Qd6 10. Nc4 Qc7 11. O-O Be7 12. Be3 Rd8 13. h3 Bxf3 14. Bxf3 cxd4
15. Bxc6+ Qxc6 16. Ne5 dxe3 17. Qxd8+ Bxd8 18. Nxc6 exf2+ 19. Kxf2 bxc6 20.
Rfe1 Ke7 21. Rad1 Bb6+ 22. Ke2 Nd5 23. g3 Rd8 24. Rd3 Bc7 25. Rf1 e5 26. c4 Nb4
27. Rxd8 Bxd8 28. a3 Nc2 29. Kd3 Nd4 30. Re1 Ke6 31. b4 f5 32. a4 g5 33. c5 Kd5
34. Rd1 a5 35. bxa5 Bxa5 36. Rc1 Nb3 37. Rd1 Nxc5+ 38. Ke3+ Ke6 39. Rc1 h5 40.
Kf3 e4+ 41. Ke2 Kd5 42. Rf1 Ke5 43. Rc1 Kd6 44. Rf1 Ne6 45. Rd1+ Ke5 46. Rc1 f4
47. gxf4+ gxf4 48. h4 f3+ 49. Kf1 c5 50. Rb1 Nd4 51. Rb8 Kf4 52. Rf8+ Kg4 53.
Re8 Kf4 54. Rf8+ Ke3 55. Rh8 Nb3 56. Rf8 Nd2+ 57. Kg1 c4 0-1

[Event "21. Torneo San Viator 2013"]
[Site "Madrid ESP"]
[Date "2013.10.20"]
[Round "5.37"]
[White "Benitez Cadenas, Luis Miguel"]
[Black "Del Noval Nemeshazi, Nesztor"]
[Result "1/2-1/2"]
[WhiteElo "1702"]
[BlackElo "1402"]
[PlyCount "84"]
[EventDate "2013.09.29"]
[EventType "swiss"]
[EventRounds "9"]
[EventCountry "ESP"]
[SourceTitle "Ajedrez en Madrid"]
[Source "lmi"]
[SourceDate "2013.09.29"]
[SourceVersion "1"]
[SourceVersionDate "2013.12.25"]
[SourceQuality "1"]

1. c4 Nf6 2. Nc3 g6 3. d4 d5 4. cxd5 Nxd5 5. e4 Nxc3 6. bxc3 Bg7 7. Nf3 c5 8.
Be2 O-O 9. O-O cxd4 10. cxd4 Nc6 11. Be3 Bg4 12. Rb1 b6 13. d5 Ne5 14. Nd2 Bxe2
15. Qxe2 Rc8 16. f4 Nd7 17. Nb3 Nf6 18. Bf2 Qc7 19. Rbc1 Qxf4 20. Rxc8 Rxc8 21.
Bxb6 Qxe4 22. Qxe4 Nxe4 23. Bxa7 Ra8 24. Re1 Rxa7 25. Rxe4 Rxa2 26. Rxe7 Ra6
27. Re8+ Bf8 28. Rd8 Rd6 29. Rxd6 Bxd6 30. h3 f5 31. Nd4 Kf7 32. Kf2 Kf6 33.
Nc6 f4 34. Kf3 Kf5 35. Nd8 Be7 36. Nf7 Bf6 37. g4+ fxg3 38. Kxg3 g5 39. Kf3 h5
40. Nd6+ Ke5 41. Ne8 g4+ 42. hxg4 hxg4+ 1/2-1/2

[Event "21. Torneo San Viator 2013"]
[Site "Madrid ESP"]
[Date "2013.10.20"]
[Round "5.38"]
[White "Rodriguez Alonso, Marcos"]
[Black "De Castro Vidal, Jose Ignacio"]
[Result "1-0"]
[WhiteElo "1666"]
[BlackElo "2050"]
[PlyCount "59"]
[EventDate "2013.09.29"]
[EventType "swiss"]
[EventRounds "9"]
[EventCountry "ESP"]
[SourceTitle "Ajedrez en Madrid"]
[Source "lmi"]
[SourceDate "2013.09.29"]
[SourceVersion "1"]
[SourceVersionDate "2013.12.25"]
[SourceQuality "1"]

1. e4 g6 2. d4 d6 3. Nf3 Nf6 4. Nc3 Bg7 5. Bc4 O-O 6. O-O Bg4 7. h3 Bxf3 8.
Qxf3 Nc6 9. Be3 Nd7 10. Rad1 e5 11. Ne2 Kh8 12. c3 f5 13. d5 Ne7 14. Bg5 fxe4
15. Qxe4 Nf6 16. Bxf6 Rxf6 17. f4 Rf8 18. fxe5 Bxe5 19. Nd4 Bxd4+ 20. Qxd4+ Kg8
21. Bd3 Nf5 22. Bxf5 Rxf5 23. Rxf5 gxf5 24. Rf1 Qg5 25. Qd3 Rf8 26. c4 f4 27.
b4 f3 28. Rxf3 Rxf3 29. Qxf3 Qc1+ 30. Qf1 1-0

[Event "21. Torneo San Viator 2013"]
[Site "Madrid ESP"]
[Date "2013.10.20"]
[Round "5.39"]
[White "Nunez Miranda, Mario"]
[Black "Tevar Becerra, Alvaro"]
[Result "1-0"]
[WhiteElo "1304"]
[BlackElo "1647"]
[PlyCount "55"]
[EventDate "2013.09.29"]
[EventType "swiss"]
[EventRounds "9"]
[EventCountry "ESP"]
[SourceTitle "Ajedrez en Madrid"]
[Source "lmi"]
[SourceDate "2013.09.29"]
[SourceVersion "1"]
[SourceVersionDate "2013.12.25"]
[SourceQuality "1"]

1. e4 e5 2. Nf3 Nc6 3. Bc4 Be7 4. O-O Nf6 5. Nc3 O-O 6. d3 d6 7. Ne2 Be6 8.
Bxe6 fxe6 9. c4 Nh5 10. d4 exd4 11. Nfxd4 Qd7 12. b3 e5 13. Nxc6 bxc6 14. Nc3
Nf4 15. c5 Rf6 16. Bxf4 Rxf4 17. g3 Rg4 18. Nd5 Rf8 19. Nxe7+ Kh8 20. Nxc6 Rxe4
21. Na5 d5 22. Re1 Rd4 23. Qc1 Qb5 24. Qc3 Rd3 25. Qxe5 Qxa5 26. Qf5 Qxc5 27.
Qxd3 Qxf2+ 28. Kh1 1-0

[Event "21. Torneo San Viator 2013"]
[Site "Madrid ESP"]
[Date "2013.10.20"]
[Round "5.40"]
[White "Castro Uceda, Jose Antonio"]
[Black "Estirado De Cabo, Cesar"]
[Result "1-0"]
[WhiteElo "1625"]
[BlackElo "1511"]
[PlyCount "71"]
[EventDate "2013.09.29"]
[EventType "swiss"]
[EventRounds "9"]
[EventCountry "ESP"]
[SourceTitle "Ajedrez en Madrid"]
[Source "lmi"]
[SourceDate "2013.09.29"]
[SourceVersion "1"]
[SourceVersionDate "2013.12.25"]
[SourceQuality "1"]

1. d4 d5 2. c4 e6 3. Bf4 Nf6 4. Nc3 Nbd7 5. Nb5 Bb4+ 6. Nc3 Ne4 7. Qc2 Qf6 8.
e3 c5 9. Nge2 cxd4 10. exd4 O-O 11. a3 Bxc3+ 12. bxc3 dxc4 13. Qxe4 Re8 14. Be5
Nxe5 15. dxe5 Qe7 16. Nd4 Rb8 17. Nb5 Qc5 18. Bxc4 a6 19. Nd6 Re7 20. O-O b5
21. Bd3 f5 22. exf6 Qxd6 23. fxe7 Qxe7 24. Qxh7+ Kf8 25. Bg6 Qc7 26. Qh8+ Ke7
27. Qxg7+ Kd6 28. Qxc7+ Kxc7 29. h4 Bb7 30. Rfe1 Bd5 31. Be4 Bc4 32. Rad1 Rf8
33. Bf3 Rf4 34. h5 Rh4 35. Re5 Kb6 36. Rd4 1-0

[Event "21. Torneo San Viator 2013"]
[Site "Madrid ESP"]
[Date "2013.10.20"]
[Round "5.41"]
[White "Blanco Diez, David"]
[Black "Gutierrez Sanchez, Fernando"]
[Result "0-1"]
[WhiteElo "1463"]
[BlackElo "1945"]
[PlyCount "52"]
[EventDate "2013.09.29"]
[EventType "swiss"]
[EventRounds "9"]
[EventCountry "ESP"]
[SourceTitle "Ajedrez en Madrid"]
[Source "lmi"]
[SourceDate "2013.09.29"]
[SourceVersion "1"]
[SourceVersionDate "2013.12.25"]
[SourceQuality "1"]

1. d4 Nf6 2. c4 e6 3. Nf3 c5 4. d5 exd5 5. cxd5 d6 6. Nc3 g6 7. e4 Bg7 8. h3
O-O 9. Bd3 Re8 10. O-O Na6 11. a3 Nc7 12. Bf4 a6 13. a4 b6 14. Re1 Bb7 15. Nd2
Bf8 16. Qc2 Rb8 17. Rab1 Ba8 18. b4 cxb4 19. Rxb4 Nfxd5 20. Nxd5 Nxd5 21. Rb3
Nxf4 22. Bxa6 Qg5 23. Rg3 Qa5 24. Bb5 Rec8 25. Nc4 Qxe1+ 26. Kh2 Bxe4 0-1

[Event "21. Torneo San Viator 2013"]
[Site "Madrid ESP"]
[Date "2013.10.20"]
[Round "5.42"]
[White "Magan Gonzalez, Alberto"]
[Black "Del Noval Perez, Jeronimo"]
[Result "1-0"]
[WhiteElo "1891"]
[BlackElo "1428"]
[PlyCount "79"]
[EventDate "2013.09.29"]
[EventType "swiss"]
[EventRounds "9"]
[EventCountry "ESP"]
[SourceTitle "Ajedrez en Madrid"]
[Source "lmi"]
[SourceDate "2013.09.29"]
[SourceVersion "1"]
[SourceVersionDate "2013.12.25"]
[SourceQuality "1"]

1. e4 e5 2. Nf3 Nc6 3. Bb5 a6 4. Ba4 Nf6 5. O-O b5 6. Bb3 Be7 7. Re1 O-O 8. c3
d6 9. h3 h6 10. d4 a5 11. Nbd2 a4 12. Bc2 Nd7 13. Nf1 Nb6 14. Ne3 Bf6 15. d5
Ne7 16. Bd3 Bd7 17. Qe2 c6 18. dxc6 Bxc6 19. Ng4 Ng6 20. Nxf6+ Qxf6 21. g3 Bd7
22. Kg2 h5 23. Ng5 Rfe8 24. Qxh5 Nf8 25. Re3 Qg6 26. Qxg6 Nxg6 27. Re2 f6 28.
Be3 Nc4 29. Bxc4+ bxc4 30. Nf3 Kf7 31. Rd1 Ke7 32. a3 Rac8 33. Ne1 Rh8 34. h4
Rc7 35. Nc2 Rb7 36. Nb4 Rhb8 37. Red2 f5 38. Bg5+ Ke8 39. Rxd6 fxe4 40. Rxg6
1-0

[Event "21. Torneo San Viator 2013"]
[Site "Madrid ESP"]
[Date "2013.10.20"]
[Round "5.43"]
[White "Jimenez Sanchez, Juan Daniel"]
[Black "San Felipe Gonzalez, Tomas"]
[Result "0-1"]
[WhiteElo "1376"]
[BlackElo "1732"]
[PlyCount "78"]
[EventDate "2013.09.29"]
[EventType "swiss"]
[EventRounds "9"]
[EventCountry "ESP"]
[SourceTitle "Ajedrez en Madrid"]
[Source "lmi"]
[SourceDate "2013.09.29"]
[SourceVersion "1"]
[SourceVersionDate "2013.12.25"]
[SourceQuality "1"]

1. d4 d5 2. c4 e6 3. Nf3 Nf6 4. g3 Be7 5. Bg2 O-O 6. O-O dxc4 7. Qc2 a6 8. a4
Bd7 9. Ne5 Bc6 10. Nxc6 Nxc6 11. Bxc6 bxc6 12. Qxc4 Qd5 13. Nd2 Rfd8 14. e3 a5
15. Qc2 Rab8 16. Nc4 Rb4 17. b3 Rb7 18. Bd2 Bb4 19. Bxb4 Rxb4 20. Rab1 Rdb8 21.
Nd2 Nd7 22. Rfc1 R8b6 23. Nc4 Ra6 24. Nd2 Nb8 25. Ne4 Rab6 26. Nd2 g6 27. Nc4
Ra6 28. Nd2 Nd7 29. Qd3 Rab6 30. Nc4 Rb8 31. e4 Qh5 32. e5 c5 33. Nxa5 Rxd4 34.
Qe3 Nxe5 35. Qc3 Nf3+ 36. Kg2 Nd2 37. Rb2 Qd5+ 38. f3 Rd3 39. Rxd2 Rxd2+ 0-1